[Event "CEDIS Festival saha 2025 - 2. turnir"]
[Site "Podgorica"]
[Date "2025.04.27"]
[Round "4.4"]
[White "Kalac, Hajran"]
[Black "Mitrovic, Danilo"]
[Result "1-0"]
[WhiteElo "1797"]
[BlackElo "1593"]
[PlyCount "99"]
[EventDate "2025.04.25"]
[EventType "swiss"]
[EventRounds "5"]
[EventCountry "MNE"]
[SourceDate "2025.04.26"]

1. e4 c6 2. Ne2 d5 3. e5 Bf5 4. Nd4 Be4 5. f3 Bg6 6. e6 Qb6 7. c3 a6 8. f4 c5
9. Qa4+ Nc6 10. Bb5 cxd4 11. Na3 fxe6 12. c4 Kf7 13. cxd5 exd5 14. Bxc6 bxc6
15. Nc2 Bxc2 16. Qxc2 Nf6 17. d3 e6 18. Qe2 Bb4+ 19. Kf2 Rae8 20. a3 Bd6 21.
Rf1 e5 22. Kg1 exf4 23. Qf3 Rhf8 24. b4 Kg8 25. Bxf4 Bxf4 26. Qxf4 Nh5 27. Qg4
Rxf1+ 28. Rxf1 g6 29. Qd7 Qd8 30. Qf7+ Kh8 31. g4 Ng7 32. Qb7 Qh4 33. Qf7 Qxg4+
34. Kh1 Qe6 35. Qa7 Nf5 36. Qc5 Qe2 37. Kg1 Qg4+ 38. Kh1 Qh3 39. Kg1 Qe3+ 40.
Kg2 Nh4+ 41. Kh1 Nf3 42. Qxc6 Re5 43. Qf6+ Kg8 44. Rxf3 Qc1+ 45. Rf1 Qc8 46.
Qxe5 Qh3 47. Qxd5+ Kg7 48. Qxd4+ Kh6 49. Qf4+ g5 50. Qf6+ 1-0

[Event "CEDIS Festival saha 2025 - 2. turnir"]
[Site "Podgorica"]
[Date "2025.04.27"]
[Round "4.5"]
[White "Sorochenkova, Margarita"]
[Black "Koprivica, Andrija"]
[Result "0-1"]
[WhiteElo "1650"]
[BlackElo "1694"]
[PlyCount "88"]
[EventDate "2025.04.25"]
[EventType "swiss"]
[EventRounds "5"]
[EventCountry "MNE"]
[SourceDate "2025.04.26"]

1. e4 c5 2. Nf3 e6 3. d4 cxd4 4. Nxd4 Nf6 5. e5 Qa5+ 6. Nc3 Qxe5+ 7. Be2 Nc6 8.
Nf3 Qd6 9. Bg5 Qxd1+ 10. Rxd1 Bb4 11. Bxf6 gxf6 12. Rd3 b6 13. a3 Bxc3+ 14.
Rxc3 Bb7 15. Nd2 Nd4 16. f3 Nxe2 17. Kxe2 Rc8 18. Rxc8+ Bxc8 19. Ne4 Ke7 20.
Rd1 Ba6+ 21. Kf2 Rc8 22. c3 d5 23. Ng3 Bc4 24. Re1 Kd6 25. Nh5 f5 26. f4 a5 27.
Nf6 Ke7 28. Nh5 b5 29. Ng3 Kd6 30. Ne2 Bxe2 31. Rxe2 b4 32. axb4 axb4 33. cxb4
Rc4 34. g3 Rxb4 35. Rc2 f6 36. Kf3 e5 37. h3 e4+ 38. Kf2 d4 39. h4 e3+ 40. Ke1
Kd5 41. Rh2 d3 42. h5 Ra4 43. Kf1 Ra1+ 44. Kg2 e2 0-1

[Event "CEDIS Festival saha 2025 - 2. turnir"]
[Site "Podgorica"]
[Date "2025.04.27"]
[Round "4.6"]
[White "Matovic, Milan"]
[Black "Cadjenovic, Dragan"]
[Result "1-0"]
[WhiteElo "1734"]
[BlackElo "1864"]
[PlyCount "63"]
[EventDate "2025.04.25"]
[EventType "swiss"]
[EventRounds "5"]
[EventCountry "MNE"]
[SourceDate "2025.04.26"]

1. e4 c5 2. Nf3 d6 3. Nc3 Nc6 4. d4 cxd4 5. Nxd4 Nf6 6. Bc4 e6 7. Bb3 Be7 8.
Be3 a6 9. f3 Nxd4 10. Qxd4 O-O 11. O-O-O Qc7 12. Kb1 Nd7 13. h4 b5 14. h5 h6
15. g4 Ne5 16. Rdf1 Bf6 17. Qd2 Nc4 18. Bxc4 Qxc4 19. Nd1 d5 20. g5 hxg5 21.
Bxg5 Qd4 22. Qg2 Kh7 23. h6 g6 24. c3 Qd3+ 25. Ka1 Bh8 26. Be7 Rg8 27. Qg5 Ra7
28. Bf6 b4 29. Bxh8 Rxh8 30. Qf6 Rg8 31. Nf2 Qe3 32. Ng4 1-0

[Event "CEDIS Festival saha 2025 - 2. turnir"]
[Site "Podgorica"]
[Date "2025.04.27"]
[Round "4.7"]
[White "Sorochenkov, Alexander"]
[Black "Lakusic, Zoran"]
[Result "0-1"]
[WhiteElo "1436"]
[BlackElo "1737"]
[PlyCount "98"]
[EventDate "2025.04.25"]
[EventType "swiss"]
[EventRounds "5"]
[EventCountry "MNE"]
[SourceDate "2025.04.26"]

1. e4 c6 2. d4 d5 3. Nd2 Qa5 4. exd5 Qxd5 5. Ngf3 Bg4 6. h3 Bxf3 7. Nxf3 Nd7 8.
Bf4 Qe4+ 9. Be3 e6 10. Bd3 Qd5 11. c3 b5 12. b4 Nb6 13. Qc2 a5 14. Be4 Qd6 15.
Ne5 Nd5 16. Bxd5 Qxd5 17. Kf1 f6 18. c4 Qd6 19. Nd3 bxc4 20. Qxc4 axb4 21. Nxb4
Rc8 22. Nd3 g5 23. Re1 Ne7 24. Bd2 Qd5 25. Qxd5 exd5 26. Nc5 Kf7 27. Ke2 Nf5
28. Kd3 Ra8 29. Ra1 Ra3+ 30. Nb3 Bd6 31. Kc2 Rha8 32. Kb2 Nxd4 33. Nxd4 Be5 34.
Bc3 R3a6 35. Ne2 Bd6 36. Ng3 c5 37. Rhd1 d4 38. Be1 c4 39. Nf5 Ba3+ 40. Kc2 d3+
41. Kc3 Ra4 42. Kd4 Bb2+ 43. Kd5 Bxa1 44. Rxa1 Rd8+ 45. Kc6 d2 46. Nd6+ Ke6 47.
Kb5 Rxa2 48. Rd1 dxe1=Q 49. Rxe1+ Kxd6 0-1

[Event "CEDIS Festival saha 2025 - 2. turnir"]
[Site "Podgorica"]
[Date "2025.04.27"]
[Round "5.1"]
[White "Sijaric, Alvir"]
[Black "Rasovic, Uros"]
[Result "0-1"]
[WhiteElo "1971"]
[BlackElo "2207"]
[PlyCount "116"]
[EventDate "2025.04.25"]
[EventType "swiss"]
[EventRounds "5"]
[EventCountry "MNE"]
[SourceDate "2025.04.26"]

1. d4 Nf6 2. c4 g6 3. Nc3 d5 4. cxd5 Nxd5 5. e4 Nxc3 6. bxc3 Bg7 7. Bc4 c5 8.
Ne2 Qa5 9. O-O O-O 10. Be3 Na6 11. Qb3 Rb8 12. a4 cxd4 13. cxd4 e5 14. d5 Nc5
15. Qc2 f5 16. f3 fxe4 17. fxe4 Rxf1+ 18. Rxf1 Nxa4 19. d6+ Kh8 20. Bb3 Bg4 21.
Qc7 Qxc7 22. dxc7 Rc8 23. Rc1 b5 24. Bxa7 Bf8 25. h3 Bd7 26. Bd5 Bd6 27. Bb8
Nc5 28. Rb1 Bxc7 29. Bxc7 Rxc7 30. Nc3 Nd3 31. Nxb5 Bxb5 32. Rxb5 Rc1+ 33. Kh2
Rc2 34. Ra5 h5 35. Ra2 Rc3 36. g3 h4 37. Ra8+ Kg7 38. Ra7+ Kh6 39. gxh4 Nf4 40.
Re7 Rxh3+ 41. Kg1 Kh5 42. Rxe5+ Kxh4 43. Be6 Rf3 44. Bd7 g5 45. Kh2 Rd3 46. Be6
Rd2+ 47. Kg1 Rd6 48. Bd5 Rb6 49. Re7 Ra6 50. Kf2 Rb6 51. Rh7+ Kg4 52. Bb7 Rb2+
53. Ke3 Kg3 54. Bc8 Re2+ 55. Kd4 Kf3 56. e5 Re4+ 57. Kc3 Rxe5 58. Kd2 Rd5+ 0-1

[Event "CEDIS Festival saha 2025 - 2. turnir"]
[Site "Podgorica"]
[Date "2025.04.27"]
[Round "5.3"]
[White "Koprivica, Andrija"]
[Black "Kalac, Hajran"]
[Result "1-0"]
[WhiteElo "1694"]
[BlackElo "1797"]
[PlyCount "57"]
[EventDate "2025.04.25"]
[EventType "swiss"]
[EventRounds "5"]
[EventCountry "MNE"]
[SourceDate "2025.04.26"]

1. e4 d6 2. d4 Nf6 3. Nc3 c6 4. Nf3 Qa5 5. Bd3 e5 6. dxe5 dxe5 7. Bd2 Qc7 8. h3
Be7 9. O-O O-O 10. Nh2 Nbd7 11. f4 Nc5 12. f5 Qb6 13. Kh1 Qxb2 14. Rb1 Qa3 15.
Ng4 Nxg4 16. Qxg4 Rd8 17. Rf3 b5 18. Rg3 g6 19. Bg5 Nxd3 20. cxd3 Qxc3 21. Bxe7
Rxd3 22. Rxd3 Qxd3 23. Rd1 h5 24. Rxd3 hxg4 25. Rd8+ Kh7 26. hxg4 Bb7 27. Rd7
Ba6 28. Bf6 Kg8 29. Rd3 1-0

[Event "CEDIS Festival saha 2025 - 2. turnir"]
[Site "Podgorica"]
[Date "2025.04.27"]
[Round "5.4"]
[White "Lakusic, Zoran"]
[Black "Abramovic, Dragoljub"]
[Result "1/2-1/2"]
[WhiteElo "1737"]
[BlackElo "2001"]
[PlyCount "156"]
[EventDate "2025.04.25"]
[EventType "swiss"]
[EventRounds "5"]
[EventCountry "MNE"]
[SourceDate "2025.04.26"]

1. Nf3 d5 2. d4 Bg4 3. e3 Nf6 4. Be2 h6 5. Nbd2 e6 6. a3 Nbd7 7. c4 c6 8. b4
Bd6 9. c5 Bc7 10. Bb2 O-O 11. h3 Bxf3 12. Bxf3 Qe7 13. e4 dxe4 14. Bxe4 Nxe4
15. Nxe4 Nf6 16. Nxf6+ Qxf6 17. O-O Rad8 18. Qb3 Rd5 19. Rae1 Rfd8 20. Re3 Qf4
21. g3 Qf5 22. Kg2 a6 23. Rf3 Qg6 24. Re1 h5 25. Qe3 R8d7 26. Qe4 Qxe4 27. Rxe4
Bd8 28. Re5 Bf6 29. Rxd5 Rxd5 30. Rf4 Kf8 31. Re4 Ke7 32. g4 Kd7 33. f4 hxg4
34. hxg4 g5 35. fxg5 Rxg5 36. Kf3 Rg6 37. Bc1 Rg7 38. Bf4 Rh7 39. g5 Bg7 40.
Bg3 Rh1 41. Re3 Rd1 42. Be5 Bf8 43. Ke4 Rf1 44. Rf3 Re1+ 45. Re3 Rh1 46. Rf3
Ke8 47. Kf4 Be7 48. Bf6 Rh4+ 49. Kg3 Re4 50. Bxe7 Kxe7 51. Rf4 Re3+ 52. Rf3 Re1
53. Kf4 Rd1 54. Ke4 Rg1 55. Kf4 Kf8 56. Rg3 Rd1 57. Ke4 Kg7 58. Ke5 a5 59. bxa5
Rb1 60. Kd6 Rb5 61. a6 bxa6 62. Kxc6 Kf8 63. d5 exd5 64. Kxd5 Ke7 65. g6 fxg6
66. Rxg6 Ra5 67. Rg7+ Kd8 68. Rg3 Kc7 69. Rg7+ Kb8 70. Rg3 Kc7 71. Rg7+ Kb8 72.
Kc6 Rxa3 73. Rg8+ Ka7 74. Rg7+ Kb8 75. Kb6 Rb3+ 76. Kxa6 Kc8 77. c6 Ra3+ 78.
Kb5 Rb3+ 1/2-1/2

[Event "CEDIS Festival saha 2025 - 2. turnir"]
[Site "Podgorica"]
[Date "2025.04.27"]
[Round "5.5"]
[White "Sorochenkova, Margarita"]
[Black "Matovic, Milan"]
[Result "1-0"]
[WhiteElo "1650"]
[BlackElo "1734"]
[PlyCount "89"]
[EventDate "2025.04.25"]
[EventType "swiss"]
[EventRounds "5"]
[EventCountry "MNE"]
[SourceDate "2025.04.26"]

1. e4 e5 2. Nf3 Nc6 3. Bb5 a6 4. Ba4 Bc5 5. c3 Nf6 6. O-O b5 7. Bc2 Qe7 8. d4
exd4 9. cxd4 Bb6 10. e5 Ng4 11. h3 Nh6 12. Be4 Bb7 13. Bg5 Qb4 14. Nc3 Rb8 15.
Bxc6 dxc6 16. Ne4 Rc8 17. Re1 Nf5 18. g4 Nxd4 19. Nxd4 Qxd4 20. Nd6+ cxd6 21.
exd6+ Kd7 22. Re7+ Kxd6 23. Qf3 Qxf2+ 24. Qxf2 Bxf2+ 25. Kxf2 f6 26. Bxf6 gxf6
27. Rxb7 h5 28. Rd1+ Kc5 29. Rc1+ Kb4 30. Kg3 hxg4 31. hxg4 c5 32. Rb6 Rhf8 33.
Rxa6 c4 34. Rf1 c3 35. Rf4+ Kc5 36. bxc3 Rc6 37. Rf5+ Kd6 38. Rxc6+ Kxc6 39. g5
Rg8 40. Rxf6+ Kc5 41. Kg4 Kc4 42. Rf3 Ra8 43. g6 Rg8 44. Kg5 Ra8 45. g7 1-0

[Event "CEDIS Festival saha 2025 - 2. turnir"]
[Site "Podgorica"]
[Date "2025.04.27"]
[Round "5.6"]
[White "Mitrovic, Danilo"]
[Black "Markovic, Janko"]
[Result "1-0"]
[WhiteElo "1593"]
[BlackElo "1516"]
[PlyCount "103"]
[EventDate "2025.04.25"]
[EventType "swiss"]
[EventRounds "5"]
[EventCountry "MNE"]
[SourceDate "2025.04.26"]

1. d4 e6 2. Bf4 d5 3. e3 Nf6 4. Nf3 c5 5. c3 Nc6 6. Nbd2 Be7 7. h3 a6 8. a4 O-O
9. Bd3 Nh5 10. Bh2 Nf6 11. g4 Bd6 12. dxc5 Bxc5 13. Qc2 g6 14. Nd4 Bd6 15. Nxc6
bxc6 16. Be2 Bxh2 17. Rxh2 e5 18. g5 Ne8 19. h4 Qc7 20. Rg2 Bf5 21. Bd3 e4 22.
Be2 Bh3 23. Rg3 Be6 24. h5 Ng7 25. hxg6 fxg6 26. Bg4 Qf7 27. Bxe6 Nxe6 28. Nb3
Rab8 29. Nd4 c5 30. Nxe6 Qxe6 31. O-O-O Rbc8 32. Qd2 Rcd8 33. Rf1 Rf5 34. Qe2
Qe5 35. Qxa6 Rxg5 36. Rxg5 Qxg5 37. Qe6+ Kh8 38. Qf7 Rg8 39. Rh1 h5 40. b4 cxb4
41. cxb4 Qd8 42. Qe6 Rg7 43. Kb2 Qd7 44. Qxd7 Rxd7 45. a5 Rh7 46. a6 Ra7 47. b5
Kg7 48. Kc3 Kf6 49. Kd4 Ke6 50. Ra1 Kd6 51. b6 Rxa6 52. Rxa6 1-0

[Event "CEDIS Festival saha 2025 - 2. turnir"]
[Site "Podgorica"]
[Date "2025.04.27"]
[Round "5.7"]
[White "Sorochenkov, Alexander"]
[Black "Pavlovic, David"]
[Result "1/2-1/2"]
[WhiteElo "1436"]
[BlackElo "1558"]
[PlyCount "47"]
[EventDate "2025.04.25"]
[EventType "swiss"]
[EventRounds "5"]
[EventCountry "MNE"]
[SourceDate "2025.04.26"]

1. e4 Nc6 2. Nf3 d6 3. d4 e6 4. Bb5 Bd7 5. Nc3 Nge7 6. Be3 Ng6 7. Qe2 Be7 8.
O-O O-O 9. h3 a6 10. Bd3 Nb4 11. Bc4 Nc6 12. Bd3 e5 13. d5 Nb8 14. a4 Be8 15.
Qd2 Nd7 16. Ne2 Nf6 17. Ng3 Bd7 18. Rfe1 Re8 19. c4 b6 20. Rf1 a5 21. Rfe1 Rb8
22. b3 Rf8 23. Rab1 Ra8 24. Rf1 1/2-1/2